Fancy Nancy sees stars / (Record no. 3983)

MARC details
000 -LEADER
fixed length control field 01439cam a2200397 a 4500
001 - CONTROL NUMBER
control field 3983
003 - CONTROL NUMBER IDENTIFIER
control field FISKH
005 - DATE AND TIME OF LATEST TRANSACTION
control field 20250820090807.0
008 - FIXED-LENGTH DATA ELEMENTS--GENERAL INFORMATION
fixed length control field 080424s2008 nyua b 000 1 eng
010 ## - LIBRARY OF CONGRESS CONTROL NUMBER
LC control number 2008010284
020 ## - INTERNATIONAL STANDARD BOOK NUMBER
International Standard Book Number 9780061236112 (pbk. bdg.)
020 ## - INTERNATIONAL STANDARD BOOK NUMBER
International Standard Book Number 9780061236129 (trade bdg.)
040 ## - CATALOGING SOURCE
Original cataloging agency DLC
Transcribing agency DLC
Modifying agency DLC
Language of cataloging eng
042 ## - AUTHENTICATION CODE
Authentication code lcac
050 00 - LIBRARY OF CONGRESS CALL NUMBER
Classification number PZ7.O222
Item number Fgs 2008
082 00 - DEWEY DECIMAL CLASSIFICATION NUMBER
Classification number [E]
Edition number 813.6
100 1# - MAIN ENTRY--PERSONAL NAME
Personal name O'Connor, Jane.
245 10 - TITLE STATEMENT
Title Fancy Nancy sees stars /
Statement of responsibility, etc. by Jane O'Connor ; cover illustration by Robin Preiss Glasser ; interior illustrations by Ted Enik.
260 ## - PUBLICATION, DISTRIBUTION, ETC.
Place of publication, distribution, etc. New York :
Name of publisher, distributor, etc. Scholastic,
Date of publication, distribution, etc. 2008.
300 ## - PHYSICAL DESCRIPTION
Extent 32 pages :
Other physical details color illustrations ;
Dimensions 23 cm.
490 0# - SERIES STATEMENT
Series statement I can read! Beginning 1 reading
490 0# - SERIES STATEMENT
Series statement Fancy Nancy
505 ## - FORMATTED CONTENTS NOTE
Formatted contents note H
520 ## - SUMMARY, ETC.
Summary, etc. When a rainstorm prevents Nancy and her best friend, Robert, from getting to the planetarium the night of a class field trip, she has a brilliant idea for making things better.
521 ## - TARGET AUDIENCE NOTE
Target audience note 470 <br/>
Source Lexile
521 ## - TARGET AUDIENCE NOTE
Target audience note H <br/>
Source Raz-Plus
650 #1 - SUBJECT ADDED ENTRY--TOPICAL TERM
Topical term or geographic name entry element Astronomy
Form subdivision Fiction.
650 #1 - SUBJECT ADDED ENTRY--TOPICAL TERM
Topical term or geographic name entry element School field trips
Form subdivision Fiction.
650 #1 - SUBJECT ADDED ENTRY--TOPICAL TERM
Topical term or geographic name entry element Planetariums
Form subdivision Fiction.
700 1# - ADDED ENTRY--PERSONAL NAME
Personal name Preiss-Glasser, Robin,
Relator term illustrator
700 1# - ADDED ENTRY--PERSONAL NAME
Personal name Enik, Ted,
Relator term illustrator
906 ## - LOCAL DATA ELEMENT F, LDF (RLIN)
a 7
b cbc
c orignew
d 1
e ecip
f 20
g y-gencatlg
942 ## - ADDED ENTRY ELEMENTS (KOHA)
Source of classification or shelving scheme Dewey Decimal Classification
Koha item type Books
Suppress in OPAC No
Holdings
Withdrawn status Lost status Source of classification or shelving scheme Damaged status Not for loan Collection Home library Current library Shelving location Date acquired Total Checkouts Full call number Barcode Date last seen Date last checked out Copy number Price effective from Koha item type
    Dewey Decimal Classification     Juvenile Fiction Footprints International School Library Network Toul Kork Campus Footprints International School Library Network Toul Kork Campus TK Primary Library Room(4th Floor), Bookcase 1&2, Shelves 1-16, Dark Blue Books 05/29/2024 3 OCO 813.6 PZ7.O222 2024-0736 04/22/2026 04/08/2026 1 05/29/2024 Books
    Dewey Decimal Classification     Juvenile Fiction Footprints International School Library Network Toul Kork Campus Footprints International School Library Network Toul Kork Campus TK Primary Library Room(4th Floor), Bookcase 1&2, Shelves 1-16, Dark Blue Books 06/24/2024 1 OCO 813.6 PZ7.O222 FISTK01211 02/27/2025 08/08/2024 2 06/24/2024 Books
    Dewey Decimal Classification     Juvenile Fiction Footprints International School Library Network Toul Kork Campus Footprints International School Library Network Toul Kork Campus TK Primary Library Room(4th Floor), Bookcase 1&2, Shelves 1-16, Dark Blue Books 09/26/2024 1 OCO 813.6 PZ7.O222 FISBK02565 03/14/2025 12/09/2024 3 09/26/2024 Books
    Dewey Decimal Classification     Juvenile Fiction Footprints International School Library Network Toul Tom Poung Campus Footprints International School Library Network Toul Tom Poung Campus TTP Primary Dark Blue Bookshelves 08/20/2025   OCO 813.6 PZ7.O222 FIS01876 08/20/2025   4 08/20/2025 Books